000 00799nam a22002537a 4500
005 20170124105940.0
010 _aA-716397
020 _c00.00
_a8170188504
035 _aA-716397
037 _bCen Lib/Ret
040 _aDPL
_bEN
082 _a220.31
_bDEB
100 _aDebroy, Bibek
_910884
245 _aThe holy vedas :
_cby Bibek Debroy [and] Diapavali Debroy
_brig veda, yajur veda, sama veda and atharva veda /
250 _a2nd ed
260 _aNew Delhi
_bB.R. Publishing Corporation
_c1994
270 _bNew Delhi
_a1, ansari road, dariya ganj
_e110002
300 _aviii, 445p.
_c16cm(Hb)
500 _aIncludes glossary
650 _aHinduism
_910885
650 _aVedas
_910886
700 _aDebroy, Dipavali
_910887
942 _2ddc
_cEN
_h220.21
_mDEB
999 _c124476
_d124476